Caspian Country Shapes - Statistics

General Stats
  • This quiz has been taken 26 times
    22 since last reset
  • The average score is 5 of 5
Answer Stats
Picture Answer % Correct
Azerbaijan
95%
Iran
95%
Russia
95%
Kazakhstan
91%
Turkmenistan
86%
No matching quizzes found
Score Distribution
Percent of People with Each Score
Percentile by Number Answered
Your Score History
You have not taken this quiz since the last reset